| 000 | 01492cam a22003737a 4500 | ||
|---|---|---|---|
| 001 | 11252572 | ||
| 003 | OSt | ||
| 005 | 20211014112658.0 | ||
| 006 | m d | ||
| 007 | cr n | ||
| 008 | 140207s2010 enka sb 001 0 eng d | ||
| 020 | _a9781845693619 | ||
| 035 | _a(WaSeSS)ssj0000815553 | ||
| 038 | _akhadija | ||
| 040 |
_aAU@ _beng _cAU@ _dYDXCP _dCDX _dUPM _dINU _dUAB _dOCLCF _dDLC _dWaSeSS |
||
| 042 | _alccopycat | ||
| 050 | 4 |
_aTJ1075 _b.T75 2010 |
|
| 082 | 0 | 4 |
_a621 _bTRI |
| 210 | 1 | 0 | _aTribology and dynamics of engine and powertrain |
| 245 | 0 | 0 |
_aTribology and Dynamics of Engine and Powertrain _bFundamentals, Applications and Future Trends / _cedited by Homer Rahnejat. |
| 260 |
_aOxford ; _aPhiladelphia : _bWoodhead Pub., _c2010. |
||
| 490 | 1 | _aWoodhead Publishing in mechanical engineering | |
| 504 | _aIncludes bibliographical references and index. | ||
| 506 | _aLicense restrictions may limit access. | ||
| 563 | _ahard cover | ||
| 650 | 0 |
_aTribology. _955804 |
|
| 650 | 0 |
_aAutomobiles _xPower trains. _981355 |
|
| 700 | 1 |
_aRahnejat, Homer. _981356 |
|
| 773 | 0 | _teBook - Materials and Engineering 2009 - 2011 (Woodhead migration) [EBCWME11] | |
| 830 | 0 |
_aWoodhead Publishing in mechanical engineering. _981357 |
|
| 856 | 4 | 0 |
_uhttp://www.columbia.edu/cgi-bin/cul/resolve?clio11252572 _zFull text available from eBook - Materials and Engineering 2009 - 2011 (Woodhead migration) [EBCWME11] |
| 910 | _aLibrary of Congress record | ||
| 942 |
_2ddc _cBK |
||
| 999 |
_c32308 _d32308 |
||